[Event "ENCI Limburg-open B"]
[Site "Maastricht"]
[Date "2008.05.12"]
[Round "6"]
[White "Sanders, Catheleijne"]
[Black "Heuts, Guido"]
[Result "1/2-1/2"]
[WhiteElo "1285"]
[BlackElo "1498"]
[PlyCount "92"]
[EventDate "2008.05.09"]
[EventType "swiss"]
[EventRounds "7"]
[EventCountry "NED"]
[Source "P.Boonen"]
[SourceDate "2010.01.01"]

1. e4 c6 2. Nf3 d5 3. exd5 cxd5 4. d4 Bf5 5. Bb5+ Nd7 6. Nc3 e6 7. O-O Be7 8.
Bf4 Ngf6 9. h3 O-O 10. Bd3 Bxd3 11. Qxd3 Nh5 12. Qe3 Nxf4 13. Qxf4 Nf6 14. Rfe1
Bd6 15. Ne5 Nd7 16. Rad1 f6 17. Qg4 Nxe5 18. dxe5 f5 19. Qf4 Bc7 20. Qg3 a6 21.
Ne2 Qe7 22. Nf4 Rad8 23. Nh5 Kh8 24. h4 Qf7 25. Nf4 Rfe8 26. Qg5 Rd7 27. h5 Bd8
28. Qg3 b5 29. a3 a5 30. Rd3 Rc7 31. Rc3 Rxc3 32. Qxc3 Bg5 33. Nh3 Bd8 34. Qc6
Rf8 35. Nf4 Re8 36. Qxb5 Bg5 37. Nh3 Bd8 38. b4 axb4 39. axb4 Qxh5 40. Qd7 Kg8
41. b5 Qf7 42. Qxf7+ Kxf7 43. Rb1 Bb6 44. Ng5+ Kg8 45. Kf1 h6 46. Nf3 Rc8
1/2-1/2

[Event "ENCI Limburg-open B"]
[Site "Maastricht"]
[Date "2008.05.12"]
[Round "6"]
[White "Schmitz, Martin"]
[Black "Van den Heede, Dorian"]
[Result "1-0"]
[WhiteElo "1847"]
[BlackElo "1686"]
[PlyCount "77"]
[EventDate "2008.05.09"]
[EventType "swiss"]
[EventRounds "7"]
[EventCountry "NED"]
[Source "P.Boonen"]
[SourceDate "2010.01.01"]

1. e4 e5 2. Bc4 Nc6 3. Nf3 d6 4. h3 Be7 5. c3 f5 6. exf5 Bxf5 7. Qb3 Na5 8.
Bf7+ Kf8 9. Qa4 Nc6 10. Bb3 h6 11. d4 Bf6 12. Be3 Qe7 13. Qb5 Nd8 14. dxe5 Bxe5
15. Nxe5 Qxe5 16. Qxe5 dxe5 17. Bc5+ Ke8 18. O-O b6 19. Be3 Ne7 20. Nd2 Nec6
21. Nf3 Rf8 22. Bd5 Rb8 23. Rfe1 Ne7 24. Bb3 Bxh3 25. Nxe5 Bc8 26. Bd4 Rf6 27.
Nf3 Rg6 28. Bc2 Rg4 29. Ne5 Rg5 30. Ng6 Ndc6 31. Bxg7 Kf7 32. Nxe7 Nxe7 33.
Bxh6 Rh5 34. Bb3+ Ke8 35. Bf4 Rc5 36. Rad1 Bb7 37. Re5 Rxe5 38. Bxe5 Rd8 39.
Bf7+ 1-0

[Event "ENCI Limburg-open B"]
[Site "Maastricht"]
[Date "2008.05.12"]
[Round "6"]
[White "Schoffelen, Jan"]
[Black "Gransier, Theo"]
[Result "1/2-1/2"]
[WhiteElo "1439"]
[BlackElo "1584"]
[PlyCount "37"]
[EventDate "2008.05.09"]
[EventType "swiss"]
[EventRounds "7"]
[EventCountry "NED"]
[Source "P.Boonen"]
[SourceDate "2010.01.01"]

1. e4 e5 2. f4 exf4 3. Nf3 d6 4. h3 g6 5. Bc4 Bg7 6. d4 Be6 7. d5 Bd7 8. c3 Be5
9. Bd2 Nf6 10. Bd3 O-O 11. Qc1 Nh5 12. Nxe5 dxe5 13. Kd1 b5 14. Be1 Na6 15. Nd2
Nc5 16. Be2 Ng7 17. Bf2 Nb7 18. Nf3 Nd6 19. Bd3 1/2-1/2

[Event "ENCI Limburg-open B"]
[Site "Maastricht"]
[Date "2008.05.12"]
[Round "6"]
[White "Smeets, Wouter"]
[Black "Koehorst, Andre"]
[Result "1-0"]
[WhiteElo "1761"]
[BlackElo "1553"]
[PlyCount "95"]
[EventDate "2008.05.09"]
[EventType "swiss"]
[EventRounds "7"]
[EventCountry "NED"]
[Source "P.Boonen"]
[SourceDate "2010.01.01"]

1. c4 e5 2. g3 Bc5 3. Bg2 Nf6 4. Nc3 O-O 5. Nf3 Nc6 6. O-O d6 7. a3 a6 8. b4
Ba7 9. e3 Bg4 10. h3 Bh5 11. Qc2 Qd7 12. Kh2 Nd8 13. Bb2 Ne6 14. Rac1 Bg6 15.
d3 c6 16. Nh4 Bb8 17. Qd2 e4 18. Nxg6 fxg6 19. Nxe4 Nxe4 20. Bxe4 Ng5 21. Bg2
Nf3+ 22. Bxf3 Rxf3 23. Kg2 Qf7 24. Qe2 Rf5 25. g4 Rf6 26. Bxf6 Qxf6 27. f4 Bc7
28. d4 Re8 29. Qd3 Qh4 30. e4 h5 31. Qf3 Qf6 32. e5 dxe5 33. fxe5 Qe6 34. Rc2
Rd8 35. Qe4 h4 36. Re1 Bb8 37. d5 cxd5 38. cxd5 Rxd5 39. Rc8+ Qxc8 40. Qxd5+
Kh7 41. Qc5 Qd7 42. e6 Qd2+ 43. Qf2 Qd5+ 44. Qf3 Qd2+ 45. Re2 Qd6 46. e7 Qh2+
47. Kf1 Ba7 48. Rxh2 1-0

[Event "ENCI Limburg-open B"]
[Site "Maastricht"]
[Date "2008.05.12"]
[Round "6"]
[White "Smit, Melvin"]
[Black "Heijenrath, Jan"]
[Result "1-0"]
[WhiteElo "1678"]
[BlackElo "1821"]
[PlyCount "119"]
[EventDate "2008.05.09"]
[EventType "swiss"]
[EventRounds "7"]
[EventCountry "NED"]
[Source "P.Boonen"]
[SourceDate "2010.01.01"]

1. d4 Nf6 2. e3 b6 3. Nf3 Bb7 4. Bd3 c5 5. b3 cxd4 6. exd4 e6 7. O-O d6 8. Bb2
Be7 9. Nbd2 Nbd7 10. Re1 O-O 11. c4 Rc8 12. Rc1 Re8 13. Bb1 a5 14. Nf1 b5 15.
cxb5 Qb6 16. a4 Rxc1 17. Bxc1 Nd5 18. Bb2 Nf8 19. Ng3 Rc8 20. Nd2 Nf4 21. Be4
d5 22. Bb1 Bb4 23. Re3 Qc7 24. Ne2 Nxe2+ 25. Qxe2 Qf4 26. Nf3 f6 27. Ne1 Qd6
28. Nd3 Ba3 29. Bxa3 Qxa3 30. Nc5 Nd7 31. Rc3 Nxc5 32. dxc5 e5 33. c6 Ba8 34.
Qc2 Qb4 35. Qxh7+ Kf7 36. Qg6+ Kf8 37. Rc1 Qxb3 38. Qc2 Qxc2 39. Bxc2 Ke7 40.
Bf5 Rc7 41. Kf1 Kd6 42. Ke2 g6 43. Bxg6 Rg7 44. Be8 Kc7 45. g3 Rg4 46. h4 Rxa4
47. h5 Rg4 48. Bg6 a4 49. Rh1 a3 50. Ra1 Kb6 51. Rxa3 Bxc6 52. bxc6 Kxc6 53.
Ra6+ Kc5 54. Rxf6 Ra4 55. Rf8 e4 56. Rc8+ Kd4 57. h6 Ra2+ 58. Kd1 Rxf2 59. Bxe4
dxe4 60. h7 1-0

[Event "ENCI Limburg-open B"]
[Site "Maastricht"]
[Date "2008.05.12"]
[Round "6"]
[White "Springelkamp, Gerdien"]
[Black "Kuster, Edward"]
[Result "1-0"]
[WhiteElo "1096"]
[BlackElo "1365"]
[PlyCount "75"]
[EventDate "2008.05.09"]
[EventType "swiss"]
[EventRounds "7"]
[EventCountry "NED"]
[Source "P.Boonen"]
[SourceDate "2010.01.01"]

1. e4 c5 2. Nf3 d6 3. Bc4 g6 4. Nc3 Bg7 5. d3 Nf6 6. h3 O-O 7. O-O Nc6 8. Bg5
Qc7 9. Bxf6 Bxf6 10. Nd5 Qd8 11. Nxf6+ exf6 12. Qd2 g5 13. h4 h6 14. Qe3 Re8
15. Nh2 d5 16. Bxd5 Nd4 17. Rac1 Nf5 18. Qf3 Nxh4 19. Qh5 Be6 20. Bxe6 Rxe6 21.
Ng4 Kf8 22. Qxh6+ Ke7 23. Ne3 f5 24. Nxf5+ Nxf5 25. Qxg5+ Rf6 26. e5 Qd5 27.
Qxf6+ Kd7 28. Qxf5+ Kc7 29. Qf4 Rg8 30. e6+ Kb6 31. f3 Qh5 32. Qd6+ Kb5 33. c4+
Kb4 34. Qc7 b5 35. Rc3 a5 36. Rb3+ Ka4 37. Ra3+ Kb4 38. Qxa5# 1-0

[Event "ENCI Limburg-open B"]
[Site "Maastricht"]
[Date "2008.05.12"]
[Round "6"]
[White "Sterck, Arno"]
[Black "De Mon, Gino"]
[Result "1-0"]
[WhiteElo "1133"]
[BlackElo "1316"]
[PlyCount "123"]
[EventDate "2008.05.09"]
[EventType "swiss"]
[EventRounds "7"]
[EventCountry "NED"]
[Source "P.Boonen"]
[SourceDate "2010.01.01"]

1. e4 e5 2. Nf3 Nc6 3. d4 exd4 4. Nxd4 Bc5 5. Be3 Qf6 6. c3 Nge7 7. Bc4 Qg6 8.
Nd2 Bxd4 9. cxd4 Qxg2 10. Qf3 Qxf3 11. Nxf3 a6 12. Rg1 Nb4 13. O-O-O b5 14. Bb3
g6 15. Bh6 Bb7 16. Ng5 f6 17. Bf7+ Kd8 18. Bg7 fxg5 19. Bxh8 Bxe4 20. Rde1 Nd3+
21. Kd2 Nxe1 22. Rxe1 d5 23. f3 Bxf3 24. Bf6 Be4 25. Bxe7+ Kd7 26. Bxg5 Rf8 27.
Rf1 c6 28. Be6+ Ke8 29. Bd7+ Kxd7 30. Rxf8 Kc7 31. Rf7+ Kc8 32. Rxh7 Kb8 33.
Bf4+ Kc8 34. Rc7+ Kb8 35. Rxc6+ Kb7 36. Rd6 Ka7 37. Rd7+ Kb6 38. Rd6+ Ka5 39.
a3 Ka4 40. Rxa6+ Kb3 41. Kc1 Kc4 42. Rc6+ Kxd4 43. Rb6 Kc5 44. Be3+ d4 45.
Bxd4+ Kxd4 46. Rxb5 Kc4 47. Rb4+ Kd5 48. a4 Bf5 49. a5 Kc6 50. a6 Kc5 51. Rb8
Kc4 52. a7 Be4 53. Rc8+ Kb5 54. Re8 Ba8 55. Rxa8 Kb6 56. Rg8 Kxa7 57. Rxg6 Kb7
58. h4 Kc7 59. h5 Kd7 60. h6 Ke8 61. h7 Kf7 62. Rh6 1-0

[Event "ENCI Limburg-open B"]
[Site "Maastricht"]
[Date "2008.05.12"]
[Round "6"]
[White "Strolenberg, Lars"]
[Black "Kukhianidze, Nadia"]
[Result "1-0"]
[WhiteElo "1539"]
[BlackElo "1248"]
[PlyCount "75"]
[EventDate "2008.05.09"]
[EventType "swiss"]
[EventRounds "7"]
[EventCountry "NED"]
[Source "P.Boonen"]
[SourceDate "2010.01.01"]

1. e4 d6 2. d4 Nf6 3. Nc3 g6 4. Nf3 Bg7 5. Bc4 O-O 6. Bg5 Nxe4 7. Nxe4 d5 8.
Bd3 dxe4 9. Bxe4 c6 10. O-O Nd7 11. Re1 Nf6 12. Bd3 Qc7 13. Qe2 Re8 14. Bc4 e6
15. c3 b5 16. Bb3 Bb7 17. Ne5 Nd5 18. Ng4 f6 19. Bh4 Qf7 20. Qd2 g5 21. Bg3
Rad8 22. Rad1 h5 23. Ne5 fxe5 24. Bxe5 Bh6 25. h4 Rf8 26. hxg5 Bg7 27. Bc2 Bxe5
28. Rxe5 Kg7 29. g6 Qf6 30. Rxh5 Rh8 31. Rh7+ Rxh7 32. gxh7 Kh8 33. Qe2 Nf4 34.
Qe3 Rf8 35. Qe5 Qxe5 36. dxe5 c5 37. f3 Rf7 38. Rd8+ 1-0

[Event "ENCI Limburg-open B"]
[Site "Maastricht"]
[Date "2008.05.12"]
[Round "6"]
[White "Student, Martin"]
[Black "Sharifi Shamili, Ashkan"]
[Result "1/2-1/2"]
[WhiteElo "1713"]
[BlackElo "1356"]
[PlyCount "105"]
[EventDate "2008.05.09"]
[EventType "swiss"]
[EventRounds "7"]
[EventCountry "NED"]
[Source "P.Boonen"]
[SourceDate "2010.01.01"]

1. e4 d6 2. b3 Nf6 3. f3 g6 4. Bb2 e5 5. d4 Nbd7 6. Bd3 Bg7 7. Ne2 O-O 8. O-O
c6 9. c4 Re8 10. Qc2 a5 11. Nd2 exd4 12. Nxd4 Nc5 13. Rae1 Qb6 14. Kh1 a4 15.
Ne2 Nxd3 16. Qxd3 Nxe4 17. Nxe4 Bxb2 18. Nxd6 Rd8 19. Qc2 Rxd6 20. Qxb2 Bf5 21.
b4 Qc7 22. c5 Rd5 23. Nc3 Rd3 24. Rf2 a3 25. Qa1 Qf4 26. Rfe2 Qxb4 27. Nd5 Qd4
28. Ne7+ Kg7 29. Nxf5+ gxf5 30. Qc1 Qf6 31. Qb1 Rad8 32. Qxb7 Rd2 33. h3 Qb2
34. Qe7 Rxe2 35. Rxe2 Qf6 36. Qe3 Rd1+ 37. Kh2 Qd8 38. Qxa3 Qc7+ 39. g3 Rd5 40.
Qc3+ f6 41. Re6 Qd8 42. a4 Rd2+ 43. Kg1 Ra2 44. Rd6 Qe7 45. Rxc6 Rxa4 46. Rd6
Ra2 47. h4 Re2 48. Qd3 Qe5 49. Rd7+ Kg6 50. h5+ Kxh5 51. g4+ Kh6 52. g5+ Kg6
53. Kf1 1/2-1/2

[Event "ENCI Limburg-open B"]
[Site "Maastricht"]
[Date "2008.05.12"]
[Round "6"]
[White "Tuerlinckx, Ben"]
[Black "Thoma, Sophia"]
[Result "0-1"]
[WhiteElo "1281"]
[BlackElo "1722"]
[PlyCount "138"]
[EventDate "2008.05.09"]
[EventType "swiss"]
[EventRounds "7"]
[EventCountry "NED"]
[Source "P.Boonen"]
[SourceDate "2010.01.01"]

1. d4 e6 2. c4 d5 3. Nf3 Nf6 4. g3 b6 5. Bg2 Bb7 6. O-O Be7 7. Nbd2 O-O 8. b3
c5 9. dxc5 Bxc5 10. Bb2 Na6 11. Qb1 Nc7 12. Qc2 dxc4 13. Nxc4 h6 14. Rfd1 Qe7
15. Ng5 hxg5 16. Bxb7 Rad8 17. Bg2 Ng4 18. e3 Nd5 19. h3 Nh6 20. Rac1 f6 21.
Ba1 Nf5 22. e4 Nde3 23. fxe3 Bxe3+ 24. Nxe3 Nxe3 25. Qe2 Nxd1 26. Rxd1 Rxd1+
27. Qxd1 Rd8 28. Qc2 Qd7 29. Bf1 Rc8 30. Qf2 e5 31. Bc4+ Kf8 32. Bxe5 b5 33.
Bd5 Qxh3 34. Bd6+ Ke8 35. Qd2 Qd7 36. Bb4 Qc7 37. Qd3 Qc1+ 38. Kf2 Qc2+ 39. Ke3
Qxd3+ 40. Kxd3 Kd7 41. Bc3 Rh8 42. Be1 Rh1 43. Ke2 Rh2+ 44. Bf2 Kd6 45. b4 Ke5
46. Ke3 f5 47. Bc6 f4+ 48. gxf4+ gxf4+ 49. Kf3 g5 50. Bd7 a6 51. Bf5 Rh1 52.
Bc8 Ra1 53. Bxa6 Rxa2 54. Bc8 Rb2 55. Bc5 Rb3+ 56. Kg4 Rg3+ 57. Kh5 f3 58. Bf5
Rg2 59. Bd7 Kxe4 60. Bxb5 g4 61. Bc6+ Kf4 62. b5 Rh2+ 63. Kg6 Rb2 64. b6 g3 65.
Bd6+ Ke3 66. Bc5+ Ke2 67. b7 f2 68. Bxf2 gxf2 69. Bg2 f1=Q 0-1

[Event "ENCI Limburg-open B"]
[Site "Maastricht"]
[Date "2008.05.12"]
[Round "6"]
[White "Ucaroglu, Melih Furkan"]
[Black "Lenaerts, Lennert"]
[Result "1-0"]
[WhiteElo "1064"]
[BlackElo "1304"]
[PlyCount "123"]
[EventDate "2008.05.09"]
[EventType "swiss"]
[EventRounds "7"]
[EventCountry "NED"]
[Source "P.Boonen"]
[SourceDate "2010.01.01"]

1. e4 d5 2. exd5 Nf6 3. Nf3 Nxd5 4. Nc3 Nxc3 5. bxc3 Nc6 6. d4 Bd7 7. Be2 e6 8.
Bb2 Bd6 9. O-O O-O 10. Re1 Re8 11. Bd3 Ne7 12. Qd2 c5 13. dxc5 Bxc5 14. c4 f6
15. Rab1 e5 16. Qe2 Bd6 17. Nd2 Bf5 18. Bxf5 Nxf5 19. Red1 Qc7 20. g3 Qc6 21.
Qg4 Nh6 22. Qe2 e4 23. Bc1 e3 24. fxe3 Bc5 25. Nf1 Nf5 26. Qd3 Rad8 27. Qe2
Rxd1 28. Qxd1 Nxe3 29. Nxe3 Bxe3+ 30. Bxe3 Rxe3 31. Qd5+ Qxd5 32. cxd5 Re7 33.
Kf2 Rd7 34. Rd1 Kf7 35. Ke3 Ke7 36. Kd4 Kd6 37. Re1 Re7 38. Rxe7 Kxe7 39. Kc5
Kd7 40. c4 g5 41. Kd4 b6 42. Ke4 h5 43. a4 h4 44. gxh4 gxh4 45. h3 Kd6 46. Kf5
Ke7 47. Kg4 Kd6 48. Kxh4 Ke5 49. Kg3 Kf5 50. h4 Kg6 51. h5+ Kxh5 52. d6 Kg5 53.
d7 f5 54. d8=Q+ Kg6 55. Qd6+ Kg5 56. Qe5 Kg6 57. Kf4 Kf7 58. Kxf5 Kg8 59. Qc7
Kf8 60. Ke6 Kg8 61. Kf6 Kh8 62. Qg7# 1-0

[Event "ENCI Limburg-open B"]
[Site "Maastricht"]
[Date "2008.05.12"]
[Round "6"]
[White "Uckerman, John"]
[Black "Raemakers, Karl"]
[Result "1-0"]
[WhiteElo "1683"]
[BlackElo "1540"]
[PlyCount "23"]
[EventDate "2008.05.09"]
[EventType "swiss"]
[EventRounds "7"]
[EventCountry "NED"]
[Source "P.Boonen"]
[SourceDate "2010.01.01"]

1. e4 e5 2. Nf3 Nf6 3. Bc4 Nxe4 4. Nc3 d5 5. Bxd5 Nxc3 6. dxc3 Bd6 7. Ng5 O-O
8. Qh5 Bf5 9. Bxf7+ Rxf7 10. Qxf7+ Kh8 11. Qxf5 Kg8 12. Qxh7+ 1-0

[Event "ENCI Limburg-open B"]
[Site "Maastricht"]
[Date "2008.05.12"]
[Round "6"]
[White "Uiterwijk, Jos"]
[Black "Tran, Long"]
[Result "0-1"]
[WhiteElo "1691"]
[BlackElo "1845"]
[PlyCount "56"]
[EventDate "2008.05.09"]
[EventType "swiss"]
[EventRounds "7"]
[EventCountry "NED"]
[Source "P.Boonen"]
[SourceDate "2010.01.01"]

1. e4 e6 2. d4 d5 3. exd5 exd5 4. Nf3 Bd6 5. Nc3 c6 6. Be3 Bg4 7. Be2 Nd7 8.
Qd2 Ngf6 9. Bg5 Qc7 10. Qe3+ Be6 11. Bxf6 gxf6 12. g3 O-O-O 13. O-O-O Rde8 14.
Qd3 f5 15. Nd2 Nf6 16. f3 h5 17. a3 f4 18. gxf4 Bxf4 19. h3 Qd7 20. Na4 Bf5 21.
Nc5 Bxd3 22. Nxd7 Rxe2 23. Nxf6 Bg6 24. Rhg1 Kd8 25. Ng4 hxg4 26. Rxg4 Bxd2+
27. Rxd2 Rxd2 28. Kxd2 Rxh3 0-1

[Event "ENCI Limburg-open B"]
[Site "Maastricht"]
[Date "2008.05.12"]
[Round "6"]
[White "Van Delft, Karel"]
[Black "Rieksen, Koen"]
[Result "0-1"]
[WhiteElo "1641"]
[BlackElo "1535"]
[PlyCount "70"]
[EventDate "2008.05.09"]
[EventType "swiss"]
[EventRounds "7"]
[EventCountry "NED"]
[Source "P.Boonen"]
[SourceDate "2010.01.01"]

1. d4 Nf6 2. Nf3 g6 3. c4 Bg7 4. Nc3 d5 5. Bf4 O-O 6. e3 b6 7. cxd5 Nxd5 8.
Nxd5 Qxd5 9. Be2 Qd7 10. O-O Bb7 11. Rc1 c6 12. Ne5 Qe8 13. Bf3 f6 14. Qb3+ Kh8
15. Nd3 Na6 16. Rc2 e5 17. dxe5 fxe5 18. Nxe5 Bxe5 19. Bxc6 Bxc6 20. Bxe5+ Qxe5
21. Rxc6 Nc5 22. Qb5 Nd7 23. Qxe5+ Nxe5 24. Rc7 Rfc8 25. Re7 Nd3 26. b3 Nc1 27.
g4 Nxa2 28. Rd1 Rc1 29. Rxc1 Nxc1 30. b4 a5 31. bxa5 bxa5 32. Rc7 Nb3 33. f4 a4
34. f5 a3 35. f6 a2 0-1

[Event "ENCI Limburg-open B"]
[Site "Maastricht"]
[Date "2008.05.12"]
[Round "6"]
[White "Van Endert, Lynn"]
[Black "Van Ginneken, Jeroen"]
[Result "1/2-1/2"]
[WhiteElo "1471"]
[BlackElo "1597"]
[PlyCount "69"]
[EventDate "2008.05.09"]
[EventType "swiss"]
[EventRounds "7"]
[EventCountry "NED"]
[Source "P.Boonen"]
[SourceDate "2010.01.01"]

1. d4 f5 2. c4 e6 3. Nc3 Nf6 4. Nf3 Be7 5. Bf4 d6 6. e3 O-O 7. Bd3 Qe8 8. O-O
b6 9. Re1 Bb7 10. Bc2 Bd8 11. e4 fxe4 12. Nxe4 Nxe4 13. Bxe4 d5 14. cxd5 Rxf4
15. Qd2 Qf8 16. Qc2 Bxd5 17. Bxh7+ Kh8 18. Ne5 Rf6 19. Ng6+ Rxg6 20. Bxg6 Nc6
21. Qd3 Qf6 22. Re3 Nxd4 23. Rh3+ Kg8 24. Re1 Nc6 25. Be4 Ne5 26. Qb5 c6 27.
Bh7+ Kf8 28. Qe2 Bc7 29. Be4 Ke7 30. Bxd5 cxd5 31. Re3 Rf8 32. Rxe5 Bxe5 33.
Qxe5 Qxf2+ 34. Kh1 Rf6 35. Qc7+ 1/2-1/2

[Event "ENCI Limburg-open B"]
[Site "Maastricht"]
[Date "2008.05.12"]
[Round "6"]
[White "Van Herck, Raf"]
[Black "Boer, Jan"]
[Result "0-1"]
[WhiteElo "1415"]
[BlackElo "1578"]
[PlyCount "58"]
[EventDate "2008.05.09"]
[EventType "swiss"]
[EventRounds "7"]
[EventCountry "NED"]
[Source "P.Boonen"]
[SourceDate "2010.01.01"]

1. e4 e5 2. Nf3 Nc6 3. d4 exd4 4. Nxd4 Bc5 5. Be3 Qf6 6. c3 Nge7 7. Bc4 Ne5 8.
Bb3 Qg6 9. f4 Qxe4 10. Qe2 Nd3+ 11. Kd1 d5 12. Nd2 Qg6 13. Bc2 Bg4 14. N2f3
Nxb2+ 15. Kc1 Qb6 16. Rb1 Ba3 17. Nb3 Nc4+ 18. Kd1 Nxe3+ 19. Kd2 Nc4+ 20. Kd1
Qf6 21. Nbd4 Qxf4 22. Re1 O-O 23. Qd3 g6 24. h3 Bf5 25. Nxf5 Nxf5 26. g4 Nfe3+
27. Ke2 Nxc2 28. Qxc2 Qe3+ 29. Kd1 Qxf3+ 0-1

[Event "ENCI Limburg-open B"]
[Site "Maastricht"]
[Date "2008.05.12"]
[Round "6"]
[White "Van Herck, Rob"]
[Black "Bamberger, Alberto"]
[Result "1-0"]
[WhiteElo "1516"]
[BlackElo "1620"]
[PlyCount "137"]
[EventDate "2008.05.09"]
[EventType "swiss"]
[EventRounds "7"]
[EventCountry "NED"]
[Source "P.Boonen"]
[SourceDate "2010.01.01"]

1. e4 Nf6 2. Nc3 d5 3. exd5 Nxd5 4. Bc4 Nxc3 5. bxc3 e6 6. Nf3 Bd6 7. d4 O-O 8.
O-O b6 9. Bb3 Bb7 10. c4 Nc6 11. Bb2 a5 12. a4 Ne7 13. Kh1 Nf5 14. d5 exd5 15.
cxd5 Nh4 16. Qd4 Nf5 17. Qg4 Bc8 18. Qe4 Re8 19. Qd3 Nh6 20. c4 Bf5 21. Qc3 f6
22. Bc2 Qd7 23. Nd4 Be5 24. Qb3 Bxd4 25. Bxd4 Re2 26. Bd3 Bxd3 27. Qxd3 Rae8
28. Be3 Qg4 29. h3 Qh5 30. Rfe1 Rxe1+ 31. Rxe1 Qf5 32. Qxf5 Nxf5 33. Bd2 Rxe1+
34. Bxe1 Nd6 35. c5 Kf7 36. cxd6 cxd6 37. Bc3 Ke7 38. Bd4 b5 39. axb5 a4 40. b6
Kd7 41. Kg1 a3 42. f3 a2 43. Kf2 Kc8 44. Ke2 Kb7 45. Kd3 a1=Q 46. Bxa1 Kxb6 47.
Kc4 Ka6 48. Bc3 Kb6 49. Bb4 Kc7 50. Kb5 f5 51. Bc3 g6 52. Bg7 Kb7 53. Bf8 Kc7
54. Kc4 Kd7 55. Kd4 Kc7 56. g4 fxg4 57. fxg4 Kd7 58. Ke4 h5 59. gxh5 gxh5 60.
Kf5 Kc7 61. Ke6 Kd8 62. Bxd6 Ke8 63. Be7 h4 64. Bxh4 Kf8 65. d6 Kg7 66. d7 Kg6
67. d8=Q Kg7 68. Bf6+ Kh6 69. Qg8 1-0

[Event "ENCI Limburg-open B"]
[Site "Maastricht"]
[Date "2008.05.12"]
[Round "6"]
[White "Van Kesteren, Stef"]
[Black "Ghafuri, Asef"]
[Result "1-0"]
[WhiteElo "1859"]
[BlackElo "1765"]
[PlyCount "67"]
[EventDate "2008.05.09"]
[EventType "swiss"]
[EventRounds "7"]
[EventCountry "NED"]
[Source "P.Boonen"]
[SourceDate "2010.01.01"]

1. e4 e6 2. d4 d5 3. Nc3 Nf6 4. Bg5 Be7 5. e5 Nfd7 6. Bxe7 Qxe7 7. f4 c5 8. Nb5
Qd8 9. Nd6+ Kf8 10. Qh5 g6 11. Qh6+ Kg8 12. Nf3 Nc6 13. Ng5 Nxd4 14. Ngxf7 Qa5+
15. Kd1 Nf5 16. Nxf5 exf5 17. Nxh8 Kxh8 18. e6 Qb4 19. e7 Qd4+ 20. Bd3 Nf6 21.
e8=Q+ Ng8 22. Qhf8 Be6 23. Qxe6 Rxf8 24. Qe5+ Qxe5 25. fxe5 c4 26. Be2 Re8 27.
Bf3 Rxe5 28. Re1 Rxe1+ 29. Kxe1 Nf6 30. Rd1 Ne4 31. Bxe4 dxe4 32. Rd8+ Kg7 33.
Rd7+ Kf6 34. Rxb7 1-0

[Event "ENCI Limburg-open B"]
[Site "Maastricht"]
[Date "2008.05.12"]
[Round "6"]
[White "Van Meegen, Ruud"]
[Black "Brixius, Dirk"]
[Result "0-1"]
[WhiteElo "1688"]
[BlackElo "1839"]
[PlyCount "136"]
[EventDate "2008.05.09"]
[EventType "swiss"]
[EventRounds "7"]
[EventCountry "NED"]
[Source "P.Boonen"]
[SourceDate "2010.01.01"]

1. e4 d5 2. exd5 Qxd5 3. Nc3 Qd6 4. d4 Nf6 5. Nf3 a6 6. Be3 e6 7. Qd2 b5 8. Be2
Bb7 9. O-O Nd5 10. Ne5 Be7 11. Rad1 Nd7 12. Nxd5 Bxd5 13. Bf4 Qb6 14. Bf3 Rd8
15. Bxd5 exd5 16. Qc3 b4 17. Qc6 O-O 18. Qxd5 Nf6 19. Qc4 c5 20. d5 Bd6 21. Nc6
Rd7 22. Bxd6 Rxd6 23. Rd3 Re8 24. Rfd1 Re4 25. Qxe4 Nxe4 26. Ne7+ Kf8 27. Nc8
Qd8 28. Nxd6 Qxd6 29. a3 Qf6 30. f3 Nd6 31. axb4 cxb4 32. c3 g6 33. R1d2 Qe5
34. Rd1 Qe2 35. R3d2 Qe3+ 36. Rf2 bxc3 37. bxc3 Qxc3 38. Ra2 a5 39. Kh1 Qb3 40.
Rda1 Nb7 41. Rd2 Qc3 42. Rdd1 Nd6 43. Ra2 Nc4 44. h3 a4 45. d6 Nxd6 46. Rxa4
Nf5 47. Rda1 h5 48. R4a3 Qd2 49. R3a2 Qf4 50. Rb2 Ng3+ 51. Kh2 Nf1+ 52. Kg1
Qd4+ 53. Rf2 Qxa1 54. Rxf1 Qd4+ 55. Kh2 Qd2 56. f4 f5 57. h4 Ke7 58. Rf3 Ke6
59. Rf1 Kd5 60. Rf3 Ke4 61. Kg3 Qe1+ 62. Kh3 Kd4 63. Rb3 Ke4 64. Rf3 Qd2 65.
Kg3 Qe2 66. Rb3 Qg4+ 67. Kf2 Qxf4+ 68. Ke2 Qg4+ 0-1

[Event "ENCI Limburg-open B"]
[Site "Maastricht"]
[Date "2008.05.12"]
[Round "6"]
[White "Vandersmissen, Hans"]
[Black "Spoelstra, Henri"]
[Result "0-1"]
[WhiteElo "1530"]
[BlackElo "1739"]
[PlyCount "80"]
[EventDate "2008.05.09"]
[EventType "swiss"]
[EventRounds "7"]
[EventCountry "NED"]
[Source "P.Boonen"]
[SourceDate "2010.01.01"]

1. e4 d6 2. Bc4 Nf6 3. d3 g6 4. Be3 Bg7 5. Qd2 c6 6. c3 d5 7. exd5 cxd5 8. Bb3
Nc6 9. d4 Bf5 10. Nf3 O-O 11. Bh6 Na5 12. h4 Nxb3 13. axb3 Qb6 14. h5 Nxh5 15.
Bxg7 Kxg7 16. Ne5 Rh8 17. g4 Bxb1 18. Rxb1 Nf6 19. Ke2 Qe6 20. Rbg1 Ne4 21.
Qh6+ Kg8 22. f3 Nd6 23. Kd2 Qf6 24. f4 Ne4+ 25. Kc2 Rc8 26. f5 Qg5 27. Qh2 a5
28. fxg6 fxg6 29. Rf1 Nf6 30. Rhg1 Kg7 31. Qh3 b5 32. Qf3 Rhf8 33. Qd3 b4 34.
Qb5 bxc3 35. bxc3 Ne4 36. Qxa5 Qd2+ 37. Kb1 Nxc3+ 38. Ka1 Qxd4 39. Nc4 dxc4 40.
Qb4 Nd1+ 0-1

[Event "ENCI Limburg-open B"]
[Site "Maastricht"]
[Date "2008.05.12"]
[Round "6"]
[White "Visse, Bernard"]
[Black "Neve, Peter"]
[Result "0-1"]
[WhiteElo "1518"]
[BlackElo "1636"]
[PlyCount "76"]
[EventDate "2008.05.09"]
[EventType "swiss"]
[EventRounds "7"]
[EventCountry "NED"]
[Source "P.Boonen"]
[SourceDate "2010.01.01"]

1. Nf3 d5 2. g3 Nf6 3. Bg2 c5 4. d3 b6 5. O-O Bb7 6. h3 Nbd7 7. Nbd2 e6 8. Re1
Be7 9. e4 dxe4 10. dxe4 O-O 11. e5 Ne8 12. Nf1 Qc7 13. Bf4 Rd8 14. Qe2 g6 15.
N1h2 Ng7 16. Ng4 Nf5 17. Nf6+ Nxf6 18. exf6 Bd6 19. Bxd6 Rxd6 20. g4 Bxf3 21.
Qxf3 Nd4 22. Qf4 Kh8 23. Rad1 Nxc2 24. Rxd6 Nxe1 25. Qh6 Rg8 26. Rc6 Qd7 27.
Be4 Nd3 28. Bxd3 Qxc6 29. Bf1 Qd6 30. h4 Qd4 31. g5 Qxb2 32. h5 Qb1 33. f4 Qf5
34. Bb5 Qg4+ 35. Kf2 Qxf4+ 36. Kg2 Qg4+ 37. Kf2 Qh4+ 38. Kg2 Qxh5 0-1

[Event "ENCI Limburg-open B"]
[Site "Maastricht"]
[Date "2008.05.12"]
[Round "6"]
[White "Wallace, Gavin"]
[Black "Bemmelmans, Kristy"]
[Result "1-0"]
[WhiteElo "1605"]
[BlackElo "1440"]
[PlyCount "21"]
[EventDate "2008.05.09"]
[EventType "swiss"]
[EventRounds "7"]
[EventCountry "NED"]
[Source "P.Boonen"]
[SourceDate "2010.01.01"]

1. e4 c5 2. c3 d5 3. e5 Bf5 4. Nf3 e6 5. d4 Qb6 6. Bd3 Ne7 7. O-O Nbc6 8. a4
cxd4 9. cxd4 Nxd4 10. Nxd4 Qxd4 11. Bb5+ 1-0

[Event "ENCI Limburg-open B"]
[Site "Maastricht"]
[Date "2008.05.12"]
[Round "6"]
[White "Whitmire, James David"]
[Black "Sofic, Narcis"]
[Result "0-1"]
[WhiteElo "1589"]
[BlackElo "1882"]
[PlyCount "64"]
[EventDate "2008.05.09"]
[EventType "swiss"]
[EventRounds "7"]
[EventCountry "NED"]
[Source "P.Boonen"]
[SourceDate "2010.01.01"]

1. Nf3 d5 2. d4 c6 3. e3 Nf6 4. c4 Bg4 5. Be2 e6 6. Nc3 Nbd7 7. O-O Bd6 8. b3
Rc8 9. Bb2 Bb8 10. Qc2 O-O 11. Rfe1 Qc7 12. h3 Bxf3 13. Bxf3 Qh2+ 14. Kf1 e5
15. Qf5 e4 16. Bg4 g6 17. Qg5 Kg7 18. f4 exf3 19. Bxd7 Bg3 20. Qxg3 Qxg3 21.
gxf3 Qxf3+ 22. Kg1 Nxd7 23. e4 Qg3+ 24. Kf1 Qxh3+ 25. Kg1 Nf6 26. e5 Ne4 27.
Nxe4 dxe4 28. d5 cxd5 29. e6+ Kg8 30. Re2 fxe6 31. Rh2 Qe3+ 32. Kh1 Rf2 0-1